000 00552 a2200205 4500
005 20260430124930.0
008 260430b |||||||| |||| 00| 0 eng d
020 _a9789354895227
_cRs. 599.00
040 _aMAIN
082 _a364.1524
_bR15A
100 _aRana, Danesh
245 _aAs far as the saffron fields: The pulwama conspiracy
260 _bHarperCollins Publishers
_aGurugram
_c2022
300 _axviii, 314
650 _aSocial Problems
650 _aSocial Services
650 _aCriminology
650 _aTerrorism
942 _cBK
999 _c395520
_d395520